000 00733nam a2200181 i 4500
001 166788
003 ES-MaACL
005 20250723094649.0
008 050824s1878 sp | |||||||| ||spa d
040 _aCAM
_bspa
_cCAM
100 0 _aCanseco y Somoza, Victorino.
_934615
245 1 0 _aApuntes de química general /
_credactados conforme al programa de esta universidad [de Valladolid] por Victorino Canseco y Somoza.
260 _aValladolid :
_bImprenta y Librería de Gaviria y Zapatero,
_c1878.
300 _a80 p. ;
_c22 cm.
650 0 7 _aQuímica
_2embne
_916625
852 _aES-MaACL
_jT-851-F-10
_z-- Enc. hol., conservando la enc. original
_z-- Enc. en un vol. facticio
_z.- Ded. ms. del autor
999 _c166788
_d166788